000 00494nam a2200181Ia 4500
005 20250508151933.0
008 008 250505s9999 xx 000 0 eng d
037 _aTextual
040 _aFEDL
_beng
_cFEDL
041 _aeng
_2eng
084 _a424, ROG
_qFEDL
100 _aRoget Peter Mark
245 0 _aThesaurus of english words and phrases
260 _aHarmondsworth
_bPenguin Book Ltd
_c1956
300 _a575p.
942 _cTEXL
_h424, ROG
999 _c1333087
_d1333087